Les chiffres de 0 à 40 en 15 secondes - Statistiques

Statistiques générales
  • Ce quiz a été pris 1 392 fois
  • Le résultat moyen est 25 sur 41
Statistiques - réponses
Hint Réponse % Correct
1 1
99%
2 2
97%
3 3
95%
5 5
95%
6 6
94%
4 4
93%
7 7
93%
8 8
92%
9 9
92%
11 11
87%
0 0
86%
10 10
85%
12 12
82%
13 13
81%
14 14
81%
15 15
79%
16 16
77%
17 17
75%
18 18
73%
19 19
71%
20 20
65%
21 21
65%
22 22
59%
23 23
56%
24 24
52%
25 25
50%
26 26
48%
27 27
45%
28 28
44%
29 29
43%
31 31
39%
30 30
38%
32 32
34%
33 33
26%
34 34
26%
35 35
22%
36 36
19%
37 37
18%
38 38
16%
39 39
15%
40 40
13%
Aucun quiz correspondant
Distribution des résultats
% des personnes avec chaque résultat
Percentile par nombre de réponses
Votre historique - résultats
Vous n’avez pas pris ce quiz